| 000 | 00382nam a2200157Ia 4500 | ||
|---|---|---|---|
| 100 | _aGoodrich/Michael J/ Tamassia/Roberto | ||
| 650 | _aData structures | ||
| 942 | _cBK | ||
| 366 | _f25 | ||
| 654 | _adata structures | ||
| 245 | _aData structures and algorithms in C++ | ||
| 260 |
_bWiley India _c2004 |
||
| 082 |
_a5.73 _bGOO |
||
| 300 | _a683 | ||
| 546 |
_aENGLISH _celectronics |
||
| 999 |
_c33042 _d33042 |
||